table de 15 jusqu'à 10 - Statistiques

Statistiques générales
  • Ce quiz a été pris 269 fois
  • Le résultat moyen est 5 sur 5
Statistiques - réponses
calcul réponse % Correct
10 x 15 150
100%
3 x 15 45
100%
5 x 15 75
100%
2 x 15 30
99%
1 x 15 15
98%
7 x 15 105
97%
9 x 15 135
96%
6 x 15 90
96%
8 x 15 120
95%
4 x 15 60
94%
Aucun quiz correspondant
Distribution des résultats
% des personnes avec chaque résultat
Percentile par nombre de réponses
Votre historique - résultats
Vous n’avez pas pris ce quiz